Trivia Questions #10 - Statistics

General Stats
  • This quiz has been taken 74 times
  • The average score is 7 of 10
Answer Stats
Trivia Question Answer % Correct
What is the tallest mountain in the world? Mount Everest
100%
What is the largest continent? Asia
99%
How many Great Lakes are there? (word form) Five
88%
What movie is Princess Fiona from? Shrek
86%
Which state was the 50th state to join the union? Hawaii
81%
What is the hardest natural substance? A diamond
77%
In what movie will you find characters who are looking for a brain, a heart, and courage? The Wizard of Oz
70%
What gulf is located to the south of Florida? The Gulf of Mexico
49%
What kind of tree do prunes come from? A plum tree
20%
What is the imaginary line called that connects the North and South Pole? Prime Meridian
20%
No matching quizzes found
Score Distribution
Percent of People with Each Score
Percentile by Number Answered
Your Score History
You have not taken this quiz